| 000 | 01270nam0a2200337 4500 | ||
|---|---|---|---|
| 001 | RU\NLR\bibl\405770 | ||
| 005 | 20250622165657.0 | ||
| 021 |
_aRU _b2003-18843 _9862 |
||
| 035 | _a(NLR Aleph) 000399893 | ||
| 090 |
_a568470 _c568470 |
||
| 100 | _a20030530d2003 |||y0rusy50 ca | ||
| 101 | 0 | _arus | |
| 102 | _aRU | ||
| 105 | _aa ||||||||| | ||
| 200 | 1 |
_aКо-тримоксазол (бисептол) _eАнтимикроб. комбинир. препарат _eЗначение в соврем. клинич. практике и рекомендации по применению _fЕ. Н. Падейская |
|
| 210 |
_aМ. _cМедпрактика-М _d2003 |
||
| 215 |
_a32 с. _cил. _d20 |
||
| 320 | _aБиблиогр.: с. 31-32 | ||
| 606 | 0 |
_aТриметоприм-сульфаметоксазол _92172528 _3RU\NLR\auth\661306780 |
|
| 610 | 0 | _aПротивовирусные препараты | |
| 675 |
_a615.28 _v3 _zrus |
||
| 686 |
_a76.31 _2rugasnti |
||
| 686 |
_a52.81 _2rubbk |
||
| 686 | _aР281.811.2 | ||
| 700 | 1 |
_aПадейская _bЕ. Н. _gЕлена Николаевна _4070 |
|
| 801 | 0 |
_aRU _bRKP _c20030530 _gPSBO |
|
| 801 | 1 |
_aRU _bRKP _c20030530 |
|
| 801 | 2 |
_aRU _bNLR _c20030710 _grcr |
|
| 942 | _cBOOK | ||
| 980 | _aNB | ||